[Event "Campionatul National de sah pe echipe m"]
[Site "Mamaia-Constanta"]
[Date "2013.08.31"]
[Round "1.1"]
[White "Miroshnichenko, Evgenij"]
[Black "Erdos, Viktor"]
[Result "1/2-1/2"]
[WhiteElo "2619"]
[BlackElo "2650"]
[PlyCount "29"]
[EventDate "2013.08.31"]
[EventRounds "9"]
[WhiteTeam "CS POLITEHNICA IASI"]
[BlackTeam "CLUBUL DE SAH AL MUN. BAIA MARE"]

1. d4 Nf6 2. c4 g6 3. Nc3 d5 4. cxd5 Nxd5 5. Bd2 Bg7 6. e4 Nxc3 7. Bxc3 O-O 8.
Qd2 c5 9. d5 Bxc3 10. bxc3 e6 11. d6 e5 12. h4 Be6 13. Nh3 f6 14. Qh6 Qd7 15.
Rd1 1/2-1/2

[Event "Campionatul National de sah pe echipe m"]
[Site "Mamaia-Constanta"]
[Date "2013.08.31"]
[Round "1.3"]
[White "Mateuta, Gabriel"]
[Black "Vajda, Levente"]
[Result "1/2-1/2"]
[WhiteElo "2517"]
[BlackElo "2613"]
[PlyCount "67"]
[EventDate "2013.08.31"]
[EventRounds "9"]
[WhiteTeam "CS POLITEHNICA IASI"]
[BlackTeam "CLUBUL DE SAH AL MUN. BAIA MARE"]

1. d4 Nf6 2. Nf3 d6 3. Nbd2 Nbd7 4. e4 e5 5. c3 Be7 6. Bd3 c6 7. a4 Qc7 8. dxe5
Nxe5 9. Nxe5 dxe5 10. O-O Be6 11. Qe2 O-O 12. Bc4 Bg4 13. f3 Bd7 14. Nb3 b5 15.
axb5 cxb5 16. Bd3 Be6 17. Na5 Bc5+ 18. Kh1 Bb6 19. b4 a6 20. Bb2 Rac8 21. Rfc1
Rfd8 22. c4 Bxa5 23. Rxa5 bxc4 24. Bb1 Qb6 25. Bxe5 Qxb4 26. Bc3 Qb6 27. Bc2
Nd7 28. Rg5 f6 29. Ba5 Qb2 30. Rb1 Qa2 31. Bxd8 fxg5 32. Bxg5 c3 33. h3 Ne5 34.
Qd1 1/2-1/2

[Event "Campionatul National de sah pe echipe m"]
[Site "Mamaia-Constanta"]
[Date "2013.08.31"]
[Round "1.4"]
[White "Szabo, Gergely-Andras-Gyul"]
[Black "Danilov, Vladimir"]
[Result "1/2-1/2"]
[WhiteElo "2550"]
[BlackElo "2405"]
[PlyCount "42"]
[EventDate "2013.08.31"]
[EventRounds "9"]
[WhiteTeam "CLUBUL DE SAH AL MUN. BAIA MARE"]
[BlackTeam "CS POLITEHNICA IASI"]

1. e4 e5 2. Nf3 Nc6 3. d4 exd4 4. Nxd4 Nf6 5. Nc3 Bb4 6. Nxc6 bxc6 7. Bd3 d5 8.
exd5 Qe7+ 9. Qe2 Qxe2+ 10. Kxe2 cxd5 11. Nb5 Ba5 12. b4 Bb6 13. Bf4 Kd8 14. c4
Re8+ 15. Kf1 dxc4 16. Be2 Bf5 17. a4 Rxe2 18. Kxe2 Bd3+ 19. Kf3 Be4+ 20. Kg3
Nh5+ 21. Kg4 Nf6+ 1/2-1/2

[Event "Campionatul National de sah pe echipe m"]
[Site "Mamaia-Constanta"]
[Date "2013.08.31"]
[Round "1.6"]
[White "Hajbok, Robert"]
[Black "Stegariu, Vlad-Ionut"]
[Result "1/2-1/2"]
[WhiteElo "2345"]
[BlackElo "2171"]
[PlyCount "102"]
[EventDate "2013.08.31"]
[EventRounds "9"]
[WhiteTeam "CLUBUL DE SAH AL MUN. BAIA MARE"]
[BlackTeam "CS POLITEHNICA IASI"]

1. d4 Nf6 2. Nf3 g6 3. g3 Bg7 4. Bg2 O-O 5. O-O d6 6. b3 c6 7. Bb2 Bf5 8. c4 a5
9. Nh4 Be4 10. f3 Bxb1 11. Rxb1 Nfd7 12. f4 Qb6 13. Qd3 c5 14. d5 Bxb2 15. Rxb2
a4 16. Rfb1 a3 17. Rd2 Na6 18. Bh3 Nb4 19. Qf3 Qc7 20. e4 b5 21. cxb5 Nb6 22.
Bf1 Nc8 23. f5 Na7 24. Bc4 Qb6 25. Qg4 Nxb5 26. Rf1 Nd4 27. Rdf2 Kg7 28. Qf4
Qd8 29. e5 dxe5 30. Qxe5+ f6 31. Qe4 g5 32. Nf3 Nxf3+ 33. Qxf3 Ra7 34. Re2 Rd7
35. Rfe1 Nxd5 36. Bxd5 Rxd5 37. Rxe7+ Rf7 38. Rxf7+ Kxf7 39. Re2 Qd7 40. Qe4
Rd4 41. Qf3 Rd5 42. Rf2 Kg7 43. Kg2 Rd3 44. Qe2 Qd5+ 45. Kh3 Qd7 46. Kg2 Qd5+
47. Kh3 Qd7 48. Kg2 Rd5 49. Qf3 Rd4 50. Kh3 Qd5 51. Qe2 Kh6 1/2-1/2

[Event "Campionatul National de sah pe echipe m"]
[Site "Mamaia-Constanta"]
[Date "2013.08.31"]
[Round "1.1"]
[White "Cioara, Andrei-Nestor"]
[Black "Shishkin, Vadim"]
[Result "1-0"]
[WhiteElo "2462"]
[BlackElo "2508"]
[PlyCount "67"]
[EventDate "2013.08.31"]
[EventRounds "9"]
[WhiteTeam "CSU PLOIESTI"]
[BlackTeam "CS MUNCITORUL RESITA"]

1. d4 Nf6 2. c4 g6 3. Nf3 Bg7 4. g3 c6 5. Bg2 d5 6. b3 O-O 7. O-O dxc4 8. bxc4
c5 9. Bb2 cxd4 10. Nxd4 Qb6 11. Qb3 Na6 12. Nd2 Nd7 13. e3 Ndc5 14. Qa3 Qb4 15.
N2b3 Nd3 16. Qxb4 Naxb4 17. Bc3 e5 18. Nb5 Be6 19. Nd6 Rab8 20. Rfd1 b5 21. c5
Nxa2 22. Rxd3 Bxb3 23. Ba5 Be6 24. Rd2 b4 25. Raxa2 Bxa2 26. Rxa2 b3 27. Rb2 e4
28. Rb1 b2 29. Bxe4 Rb3 30. c6 Ra3 31. Bd2 Ra4 32. c7 Be5 33. Bc2 Ra1 34. c8=Q
1-0

[Event "Campionatul National de sah pe echipe m"]
[Site "Mamaia-Constanta"]
[Date "2013.08.31"]
[Round "1.3"]
[White "Ionescu, Doru-Alexandru"]
[Black "Thesing, Matthias"]
[Result "1/2-1/2"]
[WhiteElo "2330"]
[BlackElo "2383"]
[PlyCount "83"]
[EventDate "2013.08.31"]
[EventRounds "9"]
[WhiteTeam "CSU PLOIESTI"]
[BlackTeam "CS MUNCITORUL RESITA"]

1. e4 c5 2. d3 Nc6 3. f4 e6 4. g3 d5 5. c3 dxe4 6. dxe4 Qxd1+ 7. Kxd1 b6 8. e5
Bb7 9. Bg2 O-O-O+ 10. Nd2 f6 11. exf6 Nxf6 12. Ngf3 e5 13. Nxe5 Nxe5 14. Bxb7+
Kxb7 15. fxe5 Ng4 16. Re1 Nxh2 17. Kc2 Be7 18. Ne4 Nf3 19. Re2 Rd5 20. Bf4 Rf8
21. Rh1 h6 22. Re3 Nh4 23. Rxh4 Bxh4 24. Nd6+ Rxd6 25. exd6 Bf6 26. d7 Rd8 27.
Re6 Rxd7 28. Bxh6 c4 29. Bf4 Re7 30. Rd6 Re2+ 31. Kc1 b5 32. Rd7+ Kb6 33. Rd6+
Kc5 34. Ra6 b4 35. cxb4+ Kxb4 36. Bd2+ Kb5 37. Rxa7 Rg2 38. Rc7 Bxb2+ 39. Kd1
Be5 40. a4+ Kxa4 41. Rxc4+ Kb5 42. Re4 1/2-1/2

[Event "Campionatul National de sah pe echipe m"]
[Site "Mamaia-Constanta"]
[Date "2013.08.31"]
[Round "1.6"]
[White "Vrencian, Lehel"]
[Black "Deac, Bogdan-Daniel"]
[Result "0-1"]
[WhiteElo "2190"]
[BlackElo "2224"]
[PlyCount "94"]
[EventDate "2013.08.31"]
[EventRounds "9"]
[WhiteTeam "CS MUNCITORUL RESITA"]
[BlackTeam "CSU PLOIESTI"]

1. e4 e6 2. d4 d5 3. Nd2 Nf6 4. e5 Nfd7 5. Bd3 c5 6. c3 Nc6 7. Ngf3 Qb6 8. O-O
cxd4 9. cxd4 Nxd4 10. Nxd4 Qxd4 11. Nf3 Qb6 12. Qc2 h6 13. Bf4 Be7 14. Rac1 O-O
15. Qe2 Re8 16. Bb1 Nf8 17. Be3 Qa5 18. Nd4 Bd7 19. Qg4 f5 20. exf6 Bxf6 21.
Rfd1 Rac8 22. Nb3 Qa4 23. Qf3 Rxc1 24. Rxc1 b6 25. Bxh6 Bxb2 26. Rc2 Bf6 27.
Bf4 Rc8 28. Rxc8 Bxc8 29. Bd6 Qc6 30. Ba3 e5 31. h4 e4 32. Qf4 Ne6 33. Qg3 Qc7
34. Qg6 Qf7 35. Qf5 Bxh4 36. Qxf7+ Kxf7 37. Bd6 Bd8 38. Kf1 Bc7 39. Bxc7 Nxc7
40. Nd4 Ne6 41. Nf5 Kf6 42. Ne3 Ke5 43. f3 exf3 44. gxf3 d4 45. Nc4+ Kf4 46.
Kf2 Bb7 47. Nd2 Ng5 0-1

[Event "Campionatul National de sah pe echipe m"]
[Site "Mamaia-Constanta"]
[Date "2013.08.31"]
[Round "1.1"]
[White "Timoshenko, Georgy"]
[Black "Jianu, Vlad-Cristian"]
[Result "1/2-1/2"]
[WhiteElo "2518"]
[BlackElo "2550"]
[PlyCount "33"]
[EventDate "2013.08.31"]
[EventRounds "9"]
[WhiteTeam "CS VICTORIA TECHIRGHIOL"]
[BlackTeam "CSM LUGOJ"]

1. d4 Nf6 2. c4 e6 3. Nf3 d5 4. g3 Bb4+ 5. Bd2 Bd6 6. c5 Be7 7. Nc3 O-O 8. Bg2
Nbd7 9. b4 a5 10. a3 c6 11. O-O b6 12. Qc2 Ba6 13. Rfe1 h6 14. Rad1 axb4 15.
axb4 bxc5 16. bxc5 Re8 17. h3 1/2-1/2

[Event "Campionatul National de sah pe echipe m"]
[Site "Mamaia-Constanta"]
[Date "2013.08.31"]
[Round "1.2"]
[White "Grigoriants, Sergey"]
[Black "Valeanu, Eduard-Andrei"]
[Result "1/2-1/2"]
[WhiteElo "2576"]
[BlackElo "2456"]
[PlyCount "32"]
[EventDate "2013.08.31"]
[EventRounds "9"]
[WhiteTeam "CSM LUGOJ"]
[BlackTeam "CS VICTORIA TECHIRGHIOL"]

1. Nf3 d6 2. d4 Bg4 3. Nbd2 Nd7 4. c3 c6 5. e4 Ngf6 6. Bd3 e5 7. O-O Be7 8. Re1
O-O 9. h3 Bh5 10. Nf1 Re8 11. Ng3 Bg6 12. Bc2 a5 13. dxe5 dxe5 14. Nh4 Nc5 15.
Qf3 Nfd7 16. Nhf5 Bg5 1/2-1/2

[Event "Campionatul National de sah pe echipe m"]
[Site "Mamaia-Constanta"]
[Date "2013.08.31"]
[Round "1.3"]
[White "Ionescu, Constantin"]
[Black "Filip, Lucian"]
[Result "1/2-1/2"]
[WhiteElo "2443"]
[BlackElo "2453"]
[PlyCount "34"]
[EventDate "2013.08.31"]
[EventRounds "9"]
[WhiteTeam "CS VICTORIA TECHIRGHIOL"]
[BlackTeam "CSM LUGOJ"]

1. Nf3 Nf6 2. c4 b6 3. g3 Bb7 4. Bg2 e6 5. O-O Be7 6. Nc3 O-O 7. Re1 Ne4 8.
Nxe4 Bxe4 9. d3 Bb7 10. e4 c5 11. d4 cxd4 12. Nxd4 Nc6 13. Be3 Nxd4 14. Bxd4
Qc7 15. Rc1 Bc6 16. Qg4 f6 17. Qe2 Qb7 1/2-1/2

[Event "Campionatul National de sah pe echipe m"]
[Site "Mamaia-Constanta"]
[Date "2013.08.31"]
[Round "1.4"]
[White "Balla, Tamas-Kristof"]
[Black "Itkis, Boris"]
[Result "1/2-1/2"]
[WhiteElo "2376"]
[BlackElo "2391"]
[PlyCount "91"]
[EventDate "2013.08.31"]
[EventRounds "9"]
[WhiteTeam "CSM LUGOJ"]
[BlackTeam "CS VICTORIA TECHIRGHIOL"]

1. d4 Nf6 2. c4 e6 3. Nc3 Bb4 4. Qc2 O-O 5. a3 Bxc3+ 6. Qxc3 Qe8 7. f3 d6 8.
Bg5 Nfd7 9. e4 a5 10. b3 e5 11. d5 Nc5 12. g4 Bd7 13. Be3 Nba6 14. Rb1 a4 15.
b4 Nb3 16. Bd3 c6 17. dxc6 bxc6 18. Bc2 d5 19. Bxb3 axb3 20. cxd5 cxd5 21. exd5
Rc8 22. Qxb3 Ba4 23. Qa2 Qb5 24. Qe2 Qxd5 25. Rb2 Rc3 26. Kf2 Bb5 27. Qe1 Rfc8
28. h4 Rxa3 29. Ne2 Ra2 30. Qd2 Qxd2 31. Rxd2 Nxb4 32. Rc1 Raa8 33. Rxc8+ Rxc8
34. Ng3 Rc2 35. Rxc2 Nxc2 36. Bd2 f6 37. f4 Kf7 38. fxe5 fxe5 39. Bc3 Ke6 40.
Ne4 Kd5 41. Ng5 Bd7 42. Nxh7 Bxg4 43. Ng5 Nd4 44. Nf7 Nc6 45. Kg3 Bh5 46. Nxe5
1/2-1/2

[Event "Campionatul National de sah pe echipe m"]
[Site "Mamaia-Constanta"]
[Date "2013.08.31"]
[Round "1.5"]
[White "Raceanu, Valentin"]
[Black "Dragomirescu, Robin-Alexandru"]
[Result "1/2-1/2"]
[WhiteElo "2424"]
[BlackElo "2368"]
[PlyCount "27"]
[EventDate "2013.08.31"]
[EventRounds "9"]
[WhiteTeam "CS VICTORIA TECHIRGHIOL"]
[BlackTeam "CSM LUGOJ"]

1. d4 Nf6 2. c4 c5 3. d5 e5 4. Nc3 d6 5. e4 Be7 6. Bd3 O-O 7. h3 Nbd7 8. Be3 a6
9. a4 Ne8 10. Nf3 g6 11. g4 Ng7 12. Qc2 Nf6 13. Rg1 Kh8 14. Ne2 1/2-1/2

[Event "Campionatul National de sah pe echipe m"]
[Site "Mamaia-Constanta"]
[Date "2013.08.31"]
[Round "1.6"]
[White "Manea, Alexandru"]
[Black "Malureanu, Costin-George"]
[Result "1/2-1/2"]
[WhiteElo "2390"]
[BlackElo "2135"]
[PlyCount "47"]
[EventDate "2013.08.31"]
[EventRounds "9"]
[WhiteTeam "CSM LUGOJ"]
[BlackTeam "CS VICTORIA TECHIRGHIOL"]

1. d4 d5 2. c4 e6 3. Nf3 Nf6 4. e3 c6 5. Bd3 Nbd7 6. Nbd2 Bd6 7. O-O O-O 8. e4
e5 9. cxd5 cxd5 10. Re1 dxe4 11. Nxe4 Nxe4 12. Rxe4 f5 13. Rh4 Be7 14. Rh3 Qc7
15. dxe5 Nc5 16. Bc4+ Be6 17. Bxe6+ Nxe6 18. Qb3 Qb6 19. Ne1 Rfd8 20. Qxb6 axb6
21. Be3 Rd5 22. f4 Rb5 23. Rf3 Rxb2 24. Rf2 1/2-1/2

[Event "Campionatul National de sah pe echipe m"]
[Site "Mamaia-Constanta"]
[Date "2013.08.31"]
[Round "1.3"]
[White "Lupulescu, Constantin"]
[Black "Fedorov, Alexei"]
[Result "1/2-1/2"]
[WhiteElo "2634"]
[BlackElo "2567"]
[PlyCount "56"]
[EventDate "2013.08.31"]
[EventRounds "9"]
[WhiteTeam "CS AEM LUXTEN TIMISOARA"]
[BlackTeam "ACS SAH APA NOVA BUCURESTI"]

1. d4 Nf6 2. c4 g6 3. Nc3 Bg7 4. e4 d6 5. f3 O-O 6. Be3 e5 7. Nge2 c6 8. Qd2
Nbd7 9. d5 cxd5 10. cxd5 a6 11. g4 b5 12. Ng3 Nb6 13. h4 Nfd7 14. h5 Qe7 15.
Qh2 Bh8 16. Bh6 Bb7 17. Nd1 Rfc8 18. Ne3 Rc7 19. Be2 g5 20. Nef5 Qd8 21. Nxd6
Nc8 22. Ndf5 Rc2 23. O-O Bf6 24. Rfc1 Rxb2 25. Qf2 Ne7 26. Kf1 Nxf5 27. Nxf5
Nb6 28. Qe3 Rc8 1/2-1/2

[Event "Campionatul National de sah pe echipe m"]
[Site "Mamaia-Constanta"]
[Date "2013.08.31"]
[Round "1.4"]
[White "Marin, Mihail"]
[Black "Parligras, Mircea-Emilian"]
[Result "1/2-1/2"]
[WhiteElo "2560"]
[BlackElo "2560"]
[PlyCount "23"]
[EventDate "2013.08.31"]
[EventRounds "9"]
[WhiteTeam "ACS SAH APA NOVA BUCURESTI"]
[BlackTeam "CS AEM LUXTEN TIMISOARA"]

1. d4 Nf6 2. Nf3 e6 3. e3 b6 4. Bd3 Bb7 5. O-O d5 6. b3 Bd6 7. Bb2 O-O 8. Ne5
Nbd7 9. Nd2 Ne4 10. Nxe4 dxe4 11. Be2 Nxe5 12. dxe5 1/2-1/2

[Event "Campionatul National de sah pe echipe m"]
[Site "Mamaia-Constanta"]
[Date "2013.08.31"]
[Round "1.5"]
[White "Nevednichy, Vladislav"]
[Black "Georgescu, Tiberiu-Marian"]
[Result "1-0"]
[WhiteElo "2573"]
[BlackElo "2419"]
[PlyCount "148"]
[EventDate "2013.08.31"]
[EventRounds "9"]
[WhiteTeam "CS AEM LUXTEN TIMISOARA"]
[BlackTeam "ACS SAH APA NOVA BUCURESTI"]

1. e4 e5 2. Nf3 Nc6 3. Bb5 a6 4. Ba4 Nf6 5. O-O Be7 6. Bxc6 dxc6 7. d3 Nd7 8.
Nbd2 O-O 9. Nc4 f6 10. Nh4 Nc5 11. Nf5 Bxf5 12. exf5 Qd5 13. Qg4 Rfe8 14. Be3
e4 15. Rfd1 Rad8 16. Na5 Nxd3 17. Nxb7 Rb8 18. cxd3 exd3 19. Na5 Qxa5 20. Rxd3
Bd6 21. g3 Rb4 22. Qh5 g6 23. Qf3 Qxf5 24. Qxf5 gxf5 25. b3 f4 26. Bd2 Rb5 27.
gxf4 Rd5 28. Rg3+ Kf7 29. Be3 Re4 30. Rc1 c5 31. Rf3 a5 32. Rh3 h5 33. Kg2 a4
34. Rc4 axb3 35. axb3 Re8 36. Bc1 Re1 37. Rhc3 Rd4 38. Be3 Rxc4 39. bxc4 Rb1
40. f5 Rb4 41. Rc1 Ke7 42. Kf3 Kd7 43. Ke4 Kc6 44. f4 Rb2 45. Rh1 Rc2 46. Kd3
Rg2 47. h3 Ra2 48. Rg1 Rh2 49. Rg6 Be7 50. Rg7 Bd8 51. Rg3 Be7 52. Bd2 Kd7 53.
Rf3 Rg2 54. Bc3 Rh2 55. Be1 Bd6 56. Bh4 Ke7 57. Bf2 Rh1 58. Be3 Kd7 59. Rg3 Kc6
60. Ke4 Rh2 61. Rg7 Rxh3 62. Rf7 Rg3 63. Rxf6 h4 64. Rh6 h3 65. Rh7 Rg8 66.
Rxh3 Re8+ 67. Kf3 Rf8 68. Rh5 Rf7 69. Bd2 Rg7 70. f6 Rg6 71. Bc3 Rg1 72. Ke4
Rc1 73. Rh3 Kd7 74. Kf5 Rc2 {

[Event "Campionatul National de sah pe echipe m"]
[Site "Mamaia-Constanta"]
[Date "2013.08.31"]
[Round "1.6"]
[White "Horvat, Dan-Sebastian"]
[Black "Bida, Mihai-Eugen"]
[Result "1/2-1/2"]
[WhiteElo "2209"]
[BlackElo "2225"]
[PlyCount "48"]
[EventDate "2013.08.31"]
[EventRounds "9"]
[WhiteTeam "ACS SAH APA NOVA BUCURESTI"]
[BlackTeam "CS AEM LUXTEN TIMISOARA"]

1. e4 c5 2. Nf3 d6 3. d4 cxd4 4. Nxd4 Nf6 5. Nc3 a6 6. Bc4 e6 7. Bb3 Nc6 8. Be3
Qc7 9. f4 Na5 10. O-O b5 11. f5 Nxb3 12. cxb3 Be7 13. Rc1 Qd7 14. fxe6 fxe6 15.
b4 O-O 16. Bg5 Kh8 17. Qe2 Bb7 18. Rcd1 Ng8 19. Bxe7 Qxe7 20. a3 Rxf1+ 21. Rxf1
Nf6 22. h3 Nd7 23. Nf3 Rd8 24. Qe3 h6 1/2-1/2

[Event "Campionatul National de sah pe echipe m"]
[Site "Mamaia-Constanta"]
[Date "2013.08.31"]
[Round "1.1"]
[White "Nyzhnyk, Illya"]
[Black "Daianu, Cristian-Clement"]
[Result "1-0"]
[WhiteElo "2625"]
[BlackElo "2233"]
[PlyCount "113"]
[EventDate "2013.08.31"]
[EventRounds "9"]
[WhiteTeam "CS STUD. MEDICINA TIMISOARA"]
[BlackTeam "CS OTOPENI"]

1. d4 Nf6 2. c4 g6 3. Nc3 d5 4. cxd5 Nxd5 5. Bd2 Bg7 6. e4 Nb6 7. Be3 O-O 8.
Bb5 Bd7 9. Be2 Nc6 10. d5 Nb8 11. h4 c6 12. h5 cxd5 13. hxg6 hxg6 14. exd5 e6
15. d6 Nd5 16. Nxd5 exd5 17. Qxd5 Bc6 18. Qd2 Qf6 19. Bf3 Qxb2 20. Qxb2 Bxb2
21. Rb1 Bc3+ 22. Ke2 Rd8 23. Bf4 Nd7 24. Bxc6 bxc6 25. Nf3 Nb6 26. Bg3 Nd5 27.
Kd3 Bb4 28. Be5 f6 29. Bxf6 Nxf6 30. Rxb4 Rxd6+ 31. Kc2 Re8 32. Re1 Rxe1 33.
Nxe1 Re6 34. Kd1 Ne4 $11 35. Nd3 Nc3+ 36. Kd2 Ne4+ 37. Kc1 c5 38. Rc4 Rd6 39.
Rxe4 Rxd3 40. Ra4 Rd7 41. Ra5 Rf7 42. f3 Rc7 43. Kd2 Rd7+ 44. Kc3 Re7 45. a4
Re2 46. Rxa7 Rxg2 47. a5 Rf2 48. Kc4 Rxf3 49. Rc7 Ra3 50. Kb5 c4 51. Rxc4 Kf7
52. a6 g5 53. Ra4 Rb3+ 54. Kc4 Rb8 55. a7 Ra8 56. Ra6 g4 57. Kc5 1-0

[Event "Campionatul National de sah pe echipe m"]
[Site "Mamaia-Constanta"]
[Date "2013.08.31"]
[Round "1.5"]
[White "Stanciu, Alexandru-Ovidiu"]
[Black "Stanciu, Andreea-Briana"]
[Result "1/2-1/2"]
[WhiteElo "2355"]
[BlackElo "1779"]
[PlyCount "82"]
[EventDate "2013.08.31"]
[EventRounds "9"]
[WhiteTeam "CS STUD. MEDICINA TIMISOARA"]
[BlackTeam "CS OTOPENI"]

1. e4 e5 2. Nf3 Nc6 3. Bb5 a6 4. Ba4 Nf6 5. d3 d6 6. c4 g6 7. Nc3 Bg7 8. O-O
O-O 9. Re1 Bg4 10. h3 Bxf3 11. Qxf3 Nd4 12. Qd1 c6 13. Ne2 Ne6 14. b4 Nh5 15.
Bb3 a5 16. bxa5 Qxa5 17. Bd2 Qd8 18. g3 Kh8 19. Bc3 f5 20. exf5 gxf5 21. d4 f4
22. dxe5 Ng5 23. Qxd6 Nf3+ 24. Kh1 Nxe1 25. Qxd8 Raxd8 26. Rxe1 fxg3 27. fxg3
Rf3 28. Kg2 Re3 29. Kf2 Rdd3 30. g4 Nf4 31. Nxf4 Rf3+ 32. Kg2 Rxc3 33. e6 Bf6
34. Nh5 Be7 35. Rd1 Rfd3 36. Rxd3 Rxd3 37. Nf4 Re3 38. Kf2 Re5 39. Kf3 Bg5 40.
c5 Rxc5 41. Nd3 Ra5 1/2-1/2

[Event "Campionatul National de sah pe echipe m"]
[Site "Mamaia-Constanta"]
[Date "2013.08.31"]
[Round "1.6"]
[White "Stancu, Robert-Alexandru"]
[Black "Doros, Radu-Marian"]
[Result "0-1"]
[WhiteElo "1759"]
[BlackElo "2307"]
[PlyCount "84"]
[EventDate "2013.08.31"]
[EventRounds "9"]
[WhiteTeam "CS OTOPENI"]
[BlackTeam "CS STUD. MEDICINA TIMISOARA"]

1. e4 c5 2. Nf3 d6 3. d4 cxd4 4. Nxd4 Nf6 5. Nc3 a6 6. Bc4 e6 7. Bb3 Nbd7 8.
Be3 Nc5 9. f3 b5 10. a3 Nxb3 11. Nxb3 Be7 12. Qd2 Qc7 13. O-O-O O-O 14. Bg5 Rd8
15. Qe3 Bb7 16. Rd3 Rac8 17. Qd2 h6 18. Bf4 e5 19. Bg3 d5 20. exd5 Nxd5 21. Qe2
f6 22. Rhd1 Nb6 23. Na5 Ba8 24. Rxd8+ Bxd8 25. Bf2 Be7 26. Rd3 b4 27. axb4 Bxb4
28. Nb3 a5 29. Nb5 Qb8 30. Kb1 a4 31. Nd2 Nd5 32. Rxd5 Bxd5 33. Qd3 Bf7 34. c3
Bf8 35. c4 Bxc4 36. Nxc4 Qxb5 37. b3 axb3 38. Nb2 Qxd3+ 39. Nxd3 Ba3 40. Be3
Rc3 41. Bc1 Rxd3 42. Bxa3 Rd2 0-1

[Event "Campionatul National de sah pe echipe m"]
[Site "Mamaia-Constanta"]
[Date "2013.09.01"]
[Round "2.1"]
[White "Erdos, Viktor"]
[Black "Pop, Alexandru"]
[Result "1-0"]
[WhiteElo "2650"]
[BlackElo "2284"]
[PlyCount "59"]
[EventDate "2013.08.31"]
[EventRounds "9"]
[WhiteTeam "CLUBUL DE SAH AL MUN. BAIA MARE"]
[BlackTeam "CS OTOPENI"]

1. d4 d5 2. Nf3 Nf6 3. c4 c6 4. e3 Bf5 5. Nc3 a6 6. Bd2 e6 7. Qb3 b5 8. c5 Be7
9. Nh4 Ne4 10. Nxf5 exf5 11. Bd3 Nd7 12. Qc2 O-O 13. Ne2 Re8 14. Bc1 Qa5+ 15.
Kf1 g6 16. f3 Nef6 17. h3 Bf8 18. g4 Bh6 19. Kf2 Ne4+ 20. Kg2 Qc7 21. h4 fxg4
22. fxe4 dxe4 23. Bxe4 f5 24. Qb3+ Kh8 25. h5 Kg7 26. hxg6 hxg6 27. Bxf5 gxf5
28. Rxh6 Kxh6 29. Qf7 Re4 30. Bd2 1-0

[Event "Campionatul National de sah pe echipe m"]
[Site "Mamaia-Constanta"]
[Date "2013.09.01"]
[Round "2.3"]
[White "Vajda, Levente"]
[Black "Vasile, Claudiu-Daniel"]
[Result "0-1"]
[WhiteElo "2613"]
[BlackElo "2171"]
[PlyCount "120"]
[EventDate "2013.08.31"]
[EventRounds "9"]
[WhiteTeam "CLUBUL DE SAH AL MUN. BAIA MARE"]
[BlackTeam "CS OTOPENI"]

1. e4 e5 2. Nf3 Nc6 3. Bc4 Bc5 4. c3 Nf6 5. d3 d6 6. b4 Bb6 7. a4 a6 8. O-O O-O
9. Qb3 Qe7 10. a5 Ba7 11. Bg5 Be6 12. Nbd2 h6 13. Be3 Bxe3 14. fxe3 Bxc4 15.
Nxc4 Qe6 16. Nfd2 d5 17. exd5 Qxd5 18. Qc2 Rad8 19. Nb2 Rfe8 20. e4 Qd6 21.
Ndc4 Qe6 22. Rf3 Ne7 23. Raf1 Ng6 24. Qf2 Nf4 25. Qc5 Qg4 26. g3 Nh3+ 27. Kh1
Ng5 28. Ne3 Qh5 29. Rxf6 gxf6 30. Nf5 Ne6 31. Qe3 Kh7 32. Nc4 Rd7 33. Nb2 Red8
34. h4 Ng7 35. Kh2 Qg6 36. Nxg7 Kxg7 37. Rf3 Qg4 $11 38. Qf2 Qe6 39. Qe2 Qg4
40. Qf1 Qe6 41. Kg1 Qb3 42. Nd1 Qb1 43. Nf2 Qxf1+ 44. Kxf1 c5 45. bxc5 Rc7 46.
Ng4 Rxc5 47. Nxf6 Rxc3 48. Ke2 Ra3 49. g4 Rxa5 50. Nh5+ Kf8 51. Ng3 Ra2+ 52.
Ke3 a5 53. Nf5 a4 54. Rf1 Ra3 55. Rd1 Rb3 56. g5 hxg5 57. h5 a3 58. h6 Kg8 59.
Ne7+ Kh7 60. Nd5 Kxh6 0-1

[Event "Campionatul National de sah pe echipe m"]
[Site "Mamaia-Constanta"]
[Date "2013.09.01"]
[Round "2.6"]
[White "Stancu, Robert-Alexandru"]
[Black "Hajbok, Robert"]
[Result "0-1"]
[WhiteElo "1759"]
[BlackElo "2345"]
[PlyCount "104"]
[EventDate "2013.08.31"]
[EventRounds "9"]
[WhiteTeam "CS OTOPENI"]
[BlackTeam "CLUBUL DE SAH AL MUN. BAIA MARE"]

1. e4 g6 2. d4 c6 3. Nc3 d5 4. Be3 Nf6 5. e5 Ng4 6. Bf4 Qb6 7. Qd2 h5 8. Na4
Qd8 9. O-O-O Nh6 10. Nf3 Bg4 11. Re1 Bxf3 12. gxf3 e6 13. Bh3 Qh4 14. Reg1 Qe7
15. Nc5 Ng8 16. Bg5 Qc7 17. Nd3 Na6 18. Nf4 Qd7 19. Rg2 Nc7 20. Qd3 Bh6 21.
Rhg1 Bxg5 22. Rxg5 Ne7 23. Qb3 O-O-O 24. Nd3 Na6 25. Nb4 Nxb4 26. Qxb4 Kb8 27.
Rd1 Nc8 28. Rd3 Qe7 29. Qxe7 Nxe7 30. f4 Rc8 31. Rc3 Rc7 32. Re3 c5 33. dxc5
Rxc5 34. f3 Rc4 35. f5 exf5 36. e6 f6 37. Rg1 Kc7 38. Bf1 Rc5 39. b4 Rc6 40.
Bb5 Rb6 41. Bd7 Rxb4 42. Rc3+ Kd6 43. Rb3 Rxb3 44. axb3 g5 45. c4 dxc4 46. bxc4
Ng6 47. Kc2 Ne5 48. Rd1+ Ke7 49. c5 Rd8 50. Ra1 Nxd7 51. exd7 Kxd7 52. Rxa7 Kc6
0-1

[Event "Campionatul National de sah pe echipe m"]
[Site "Mamaia-Constanta"]
[Date "2013.09.01"]
[Round "2.1"]
[White "Iordachescu, Viorel"]
[Black "Nyzhnyk, Illya"]
[Result "1/2-1/2"]
[WhiteElo "2609"]
[BlackElo "2625"]
[PlyCount "81"]
[EventDate "2013.08.31"]
[EventRounds "9"]
[WhiteTeam "ACS SAH APA NOVA BUCURESTI"]
[BlackTeam "CS STUD. MEDICINA TIMISOARA"]

1. c4 e5 2. g3 Nf6 3. Bg2 c6 4. a3 d5 5. cxd5 cxd5 6. d4 exd4 7. Nf3 Be7 8.
Nxd4 O-O 9. O-O Nc6 10. Nc3 Nxd4 11. Qxd4 Be6 12. Be3 Qa5 13. Qd3 Rfd8 14. Rfd1
h6 15. Bd4 Rac8 16. e3 Rd7 17. Qb5 Qxb5 18. Nxb5 a6 19. Nc3 b5 20. Rac1 Rdc7
21. Rb1 Bf5 22. Ra1 Bg4 23. Re1 Be6 24. Be5 Rc4 25. Red1 Rd8 26. Bd4 Kf8 27.
Rd2 Bf5 28. Rad1 Bg4 29. f3 Be6 30. Bf1 Rc6 31. Na2 Rcc8 32. Nb4 a5 33. Nd3 b4
34. Bb6 Re8 35. a4 b3 36. Bxa5 Bd7 37. Bc3 Bxa4 38. Kf2 g5 39. g4 Bb5 40. h3
Bc4 41. Ra1 1/2-1/2